Caules Cantho univeristy - University of AARHUS link in envirnmental science : Review report
שמור ב:
| מחבר תאגידי: | |
|---|---|
| פורמט: | ספר |
| שפה: | Undetermined |
| יצא לאור: |
National Environment Reasearch Institute
2004
|
| נושאים: | |
| תגים: |
הוספת תג
אין תגיות, היה/י הראשונ/ה לתייג את הרשומה!
|
| Thư viện lưu trữ: | Trung tâm Học liệu Trường Đại học Cần Thơ |
|---|
| LEADER | 00579nam a2200181Ia 4500 | ||
|---|---|---|---|
| 001 | CTU_142988 | ||
| 008 | 210402s9999 xx 000 0 und d | ||
| 082 | |a 363.7 | ||
| 082 | |b M665 | ||
| 110 | |a Ministry of Foreign Affairs | ||
| 245 | 0 | |a Caules Cantho univeristy - University of AARHUS link in envirnmental science : | |
| 245 | 0 | |b Review report | |
| 245 | 0 | |c Ministry of Foreign Affairs | |
| 260 | |b National Environment Reasearch Institute | ||
| 260 | |c 2004 | ||
| 650 | |a Environmental science | ||
| 904 | |i Giang | ||
| 980 | |a Trung tâm Học liệu Trường Đại học Cần Thơ | ||